Name a County for Each US State - Statistics

General Stats
  • This quiz has been taken 106 times
    103 since last reset
  • The average score is 31 of 50
Answer Stats
State % Correct
California
84%
Alabama
83%
Florida
83%
Colorado
79%
Alaska
77%
New York
77%
Texas
76%
Hawaii
74%
Arkansas
73%
Georgia
72%
Idaho
72%
Louisiana
72%
Iowa
68%
Mississippi
68%
Pennsylvania
68%
Virginia
68%
Maryland
67%
Missouri
67%
Nebraska
67%
Oklahoma
67%
Utah
67%
Kansas
66%
Illinois
65%
Nevada
65%
Ohio
65%
Kentucky
64%
Rhode Island
64%
Wisconsin
64%
Indiana
62%
Minnesota
62%
Arizona
61%
North Carolina
61%
Michigan
60%
Tennessee
60%
Connecticut
59%
Washington
58%
Massachusetts
57%
Montana
55%
Oregon
54%
New Mexico
52%
Maine
51%
West Virgnia
51%
South Carolina
47%
Wyoming
47%
South Dakota
43%
New Jersey
42%
Vermont
40%
Delaware
38%
North Dakota
38%
New Hampshire
15%
No matching quizzes found
Score Distribution
Percent of People with Each Score
Percentile by Number Answered
Your Score History
You have not taken this quiz since the last reset